| 000 | 00769nam a2200229 i 4500 | ||
|---|---|---|---|
| 001 | 56643 | ||
| 003 | ES-MaACL | ||
| 005 | 20250822040305.0 | ||
| 007 | t| | ||
| 008 | 031010s1984 sp ||||1| spa d | ||
| 020 | _a84-249-0932-1 | ||
| 100 | 1 |
_aDieckhofer, Klemens. _944531 |
|
| 245 | 1 | 3 |
_aEl desarrollo de la psiquiatría en España _b: elementos históricos y culturales / _cKlemens Diekhofer. |
| 260 |
_aMadrid : _bGredos, _c[1984] |
||
| 300 |
_a171 p., [2] h. de lám. ; _c19 cm. |
||
| 490 | 1 |
_aBiblioteca de psicología y psicterapia ; _v6 |
|
| 500 | _aIndices. | ||
| 504 | _aBibliografía: p. 158-165. | ||
| 830 | 0 | 0 |
_aBiblioteca de psicología y psicoterapia _v6 _9189553 |
| 852 |
_aES-MaACL _jL-10300 _bR.111368 |
||
| 999 |
_c56643 _d56643 |
||